| 000 -CABECERA |
| Longitud fija campo de control |
00507nam a22001697a 4500 |
| 003 - IDENTIFICADOR DEL NÚMERO DE CONTROL |
| Identificador del número de control |
OSt |
| 005 - FECHA Y HORA DE LA ÚLTIMA TRANSACCIÓN |
| Fecha y hora de la última transacción |
20130523181121.0 |
| 008 - CÓDIGOS DE INFORMACIÓN DE LONGITUD FIJA |
| Códigos de información de longitud fija |
130523s1979 sp ||||| |||| 00| 0 cat d |
| 040 ## - FUENTE DE LA CATALOGACIÓN |
| Centro transcriptor |
CDMR |
| 100 1# - PUNTO DE ACCESO PRINCIPAL-NOMBRE DE PERSONA |
| 9 (RLIN) |
1808 |
| Nombre de persona |
Mundet Gifre, José María |
| 245 14 - MENCIÓN DE TÍTULO |
| Título |
"El Restaurador Catalán" i la 1ª guerra carlina |
| Mención de responsabilidad, etc. |
Josep Mª Mundet Guifre |
| 260 ## - PUBLICACIÓN, DISTRIBUCIÓN, ETC. (PIE DE IMPRENTA) |
| Lugar de publicación, distribución, etc. |
Barcelona |
| Nombre del editor, distribuidor, etc. |
Rafael Dalmau |
| Fecha de publicación, distribución, etc. |
1979 |
| 300 ## - DESCRIPCIÓN FÍSICA |
| Extensión |
64 p. |
| 490 0# - MENCIÓN DE SERIE |
| Mención de serie |
Episodis de la Història |
| Designación de volumen o secuencia |
242 |
| 650 04 - PUNTO DE ACCESO ADICIONAL DE MATERIA - TÉRMINO DE MATERIA |
| 9 (RLIN) |
3172 |
| Término de materia o nombre geográfico como elemento inicial |
Periodisme |
| Subdivisión geográfica |
Catalunya |
| Subdivisión cronológica |
1837-1840 |
| 942 ## - ENTRADA DE ELEMENTOS AGREGADOS (KOHA) |
| Fuente de clasificaión o esquema |
|
| Koha [por defecto] tipo de item |
Monografies |